Statystyki dla Quiz o Indonezji

Kliknij tutaj aby rozwiązać quiz!

Ogólne statystyki

  • Ten quiz został rozwiązany 5 razy
  • Średni wynik to 3 z 5

Statystyki odpowiedzi

ZagadnienieOdpowiedź% Poprawnych
Jaką flage ma Indonezja?
100%
Ile mieszkańców ma Indonezja?Już było to pytanie
75%
Ile mieszkańów ma Indonezja?Dużo
50%
Na jakim Kontynencie leży Indonezja?Zapytaj pani od Geografii
50%
Jaka jest stolica Indonezji?Zobacz w google
50%

Rozkład punktacji

Percentyl według liczby udzielonych odpowiedzi

Procent ludzi z każdym wynikiem

Twoja historia wyników

Nie rozwiązałeś tego quizu